| 000 | 00882cam a22002653a 4500 | ||
|---|---|---|---|
| 001 | 20310 | ||
| 003 | PGUSA | ||
| 005 | 20140828083429.0 | ||
| 008 | 070107s2007||||xxu|||||s|||||000 | eng d | ||
| 040 |
_aPGUSA _beng |
||
| 042 | _adc | ||
| 050 | 4 | _aDA | |
| 100 | 1 |
_aMitton, G. E. _q(Geraldine Edith) |
|
| 245 | 1 | 0 |
_aHammersmith, Fulham and Putney : _bThe Fascination of London _h[electronic resource] / _cG. E. Mitton |
| 260 |
_bProject Gutenberg, _c2007 |
||
| 506 | _aPublic domain in the USA. | ||
| 516 | _aElectronic text | ||
| 653 | _aHammersmith (London, England) -- Description and travel | ||
| 653 | _aFulham (London, England) -- Description and travel | ||
| 653 | _aPutney (London, England) -- Description and travel | ||
| 700 | 1 |
_aBesant, Walter, _d1836-1901 |
|
| 830 | 0 |
_aProject Gutenberg _v20310 |
|
| 856 | 4 | 0 | _uhttp://www.gutenberg.org/ebooks/20310 |
| 942 | _cEB | ||
| 999 |
_c249565 _d249565 |
||